LEADER 01022nam a2200241 u 4500 001 000000057603 003 CaOOAMICUS 005 20070226120612.0 008 010514s1961 miu u000 u eng u 035 $a10888597 040 $aPUL(R)$bita 100 1 $aBredvold, Louis Ignatius,$d1888-$0(OLS)http://pul/name/40173 245 14$aThe Brave New World of the Enlightment /$cby Louis I. Bredvold. 260 $aAnn Arbor :$bThe University of Michigan Press,$c1961. 300 $a164 p. ;$c21 cm 504 $aBibliografia in nota. 650 4$aFilosofia inglese.$0(OLS)http://pul/subject/7566 650 4$aIlluminismo.$0(OLS)http://pul/subject/1898 850 $aPUL 852 $aPUL$W1$xDP1 Altre Collocazioni$y17$mSenza collocazione$j12$nBK-PRI$b $qStampati$B75315$CPULBib$Z2$F75315 $H $81 941 1 $a8 996 $6245$aThe Brave New World of the Enlightment$9(OLS)http://pul/title/77129 996 $6260$aAnn Arbor :$bThe University of Michigan Press$9(OLS)http://pul/publisher/69485 LEADER 01635nam a2200337 a 4500 001 000000133610 003 CaOOAMICUS 005 20130422135011.0 008 130422s2006 it u000 u ita r 020 $a88-08-16948-0 040 $aPUL$bita 082 04$a342.45 100 1 $aPace, Alessandro,$d1935-2025.$0(OLS)http://pul/name/27907 245 10$aRapporti civili :$bart. 21 ; La libertà di manifestazione del proprio pensiero /$cAlessandro Pace, Michela Manetti. 246 30$aLa libertà di manifestazione del proprio pensiero 260 $aBologna :$bZanichelli,$c2006$aRoma :$bSoc. Ed. del Foro Italiano 300 $aXXXIV, 814 p. ;$c25 cm 490 1 $aCommentario della Costituzione 500 $aInclude indice. 504 $aBibliografia p. XI-XXXIV. 700 1 $aManetti, Michela.$0(OLS)http://pul/name/86075 830 0$aCommentario della Costituzione (Zanichelli).$0(OLS)http://pul/title/168871 850 $aPUL 852 $aPUL$W1$xSL Diritto e Scienze Sociali 3$y79$m342. 45 BRAGI 1.3$j153570$qDDC 21$B153137$CPULBib$Z2$F153137 $H122224 $82 996 $6020$a88-08-16948-0$9(OLS)http://pul/number/152475 996 $6082$a342.45$9(OLS)http://pul/classification/377 996 $6245$aRapporti civili :$bart. 21 ; La libertà di manifestazione del proprio pensiero$9(OLS)http://pul/title/168884 996 $6246$aLa libertà di manifestazione del proprio pensiero$9(OLS)http://pul/title/168885 996 $6260$aBologna :$bZanichelli$9(OLS)http://pul/publisher/48255 996 $6260$aRoma :$bSoc. Ed. del Foro Italiano$9(OLS)http://pul/publisher/64651